[Event "Kinross USSA op"]
[Site "Kinross"]
[Date "2018.07.02"]
[Round "2"]
[White "Masiya, Mfundo"]
[Black "Reddy, Jivorn"]
[Result "1-0"]
[WhiteElo "1932"]
[BlackElo "1400"]
[PlyCount "87"]
[EventDate "2018.07.02"]
[EventType "swiss"]
[EventRounds "9"]
[EventCountry "RSA"]
[SourceTitle "CBM 185 Extra"]
[Source "ChessBase"]
[SourceDate "2018.07.29"]
[SourceVersion "1"]
[SourceVersionDate "2018.07.29"]
[SourceQuality "1"]

1. e4 c5 2. Nf3 d6 3. d4 cxd4 4. Nxd4 Nf6 5. Nc3 a6 6. Bg5 Nbd7 7. Bc4 g6 8. Qd2 Bg7 9. 0-0-0 Qc7 10. Bb3 b5 11. Kb1 Bb7 12. f3 Rc8 13. g4 h6 14. Be3 Ne5 15. h4 h5 16. g5 Nfd7 17. Rhf1 Nc4 18. Bxc4 Qxc4 19. f4 Nc5 20. b3 Nxb3 21. axb3 Qxc3 22. Qd3 Qxd3 23. cxd3 Rc3 24. Kb2 b4 25. f5 Bxe4 26. f6 Bf8 27. Rfe1 Rxd3 28. Rxd3 Bxd3 29. Nc6 e6 30. Nxb4 Bb5 31. Rc1 d5 32. Rc8+ Kd7 33. Ra8 e5 34. Nxd5 Ba3+ 35. Kxa3 Rxa8 36. Nb6+ Ke6 37. Nxa8 Kf5 38. Nc7 e4 39. Nxb5 axb5 40. Kb4 Kg4 41. Bf2 e3 42. Bxe3 Kxh4 43. Kxb5 Kg3 44. Kc6 1-0

[Event "RSA-ch U20"]
[Site "Bloemfontein"]
[Date "2016.03.23"]
[Round "7"]
[White "Reddy, Jivorn"]
[Black "Jansen, Lyle John"]
[Result "0-1"]
[WhiteElo "1413"]
[BlackElo "1269"]
[PlyCount "92"]
[EventDate "2016.03.20"]
[EventType "swiss"]
[EventRounds "11"]
[EventCountry "RSA"]
[SourceTitle "CBM 171 Extra"]
[Source "ChessBase"]
[SourceDate "2016.04.26"]
[SourceVersion "1"]
[SourceVersionDate "2016.04.26"]
[SourceQuality "1"]

1. e4 c5 2. Nc3 g6 3. f4 d6 4. Bc4 Bg7 5. Nf3 Nf6 6. d3 0-0 7. 0-0 Nc6 8. h3 a6 9. a4 Bd7 10. Be3 Na5 11. Ba2 b5 12. axb5 axb5 13. Ne2 Nc6 14. c3 b4 15. Bb3 Na5 16. Bc2 Qb6 17. Qd2 b3 18. Bd1 Nc4 19. dxc4 Rxa1 20. e5 Ne4 21. Qd3 Bc6 22. exd6 exd6 23. Ng5 Nxg5 24. fxg5 Re8 25. h4 Ra2 26. Qd2 Be4 27. Nc1 Ra7 28. Bxb3 Rae7 29. Bf4 Be5 30. Bxe5 Rxe5 31. Ba4 R8e7 32. b3 d5 33. Nd3 Bxd3 34. Qxd3 dxc4 35. bxc4 Re4 36. h5 gxh5 37. Qd5 R4e5 38. Qf3 Rxg5 39. Be8 Qe6 40. Bc6 Qe3+ 41. Qxe3 Rxe3 42. Bd5 Rg7 43. Rf5 Rxc3 44. Rxh5 Kf8 45. Re5 Rg6 46. Be4 Re6 0-1

[Event "RSA-chT U20"]
[Site "Cape Town"]
[Date "2016.01.06"]
[Round "6.3"]
[White "Nzimande, Cruez"]
[Black "Reddy, Jivorn"]
[Result "1/2-1/2"]
[WhiteElo "1476"]
[BlackElo "1479"]
[PlyCount "60"]
[EventDate "2016.01.04"]
[EventType "team-tourn"]
[EventRounds "7"]
[EventCountry "RSA"]
[SourceTitle "CBM 170 Extra"]
[Source "ChessBase"]
[SourceDate "2016.02.25"]
[SourceVersion "1"]
[SourceVersionDate "2016.02.25"]
[SourceQuality "1"]
[WhiteTeam "Johannesburg Metro"]
[BlackTeam "Ethekwini"]
[WhiteTeamCountry "RSA"]
[BlackTeamCountry "RSA"]

1. c4 c5 2. Nc3 Nc6 3. g3 e6 4. Bg2 g6 5. d3 Bg7 6. Nf3 Nge7 7. 0-0 0-0 8. Ne4 d5 9. Nxc5 b6 10. Nb3 Ba6 11. c5 Rc8 12. a3 bxc5 13. Nxc5 Qa5 14. Nxa6 Qxa6 15. Rb1 Rb8 16. b4 Rfc8 17. Nd2 Nd4 18. Nb3 Nef5 19. Nxd4 Nxd4 20. e3 Nc2 21. d4 Qc4 22. Qd2 Qc3 23. Qxc3 Rxc3 24. Bb2 Rb3 25. e4 dxe4 26. Bxe4 Nxa3 27. Bxa3 Rxa3 28. d5 exd5 29. Bxd5 Rd3 30. Bc6 Bd4 1/2-1/2